Risultati dell'Atalanta in UEFA Europa League 2021-2022 - Statistics

Statistiche generali
  • Questo quiz è stato fatto 8 volte
  • Il punteggio medio è 4 su 6
Statistiche sulle risposte
Hint Risposta % Corretto
Atalanta - Olympiakos 2-1
100%
RB Lipsia - Atalanta 1-1
88%
Atalanta - RB Lipsia 0-2
63%
Atalanta - Bayer Lerverkusen 3-2
63%
Bayer Leverkusen - Atalanta 0-1
50%
Olympiakos - Atalanta 0-3
50%
Nessun quiz corrispondente trovato
Distribuzione punteggi
Percentuale di utenti per punteggio
Percentile per numero di risposta
I tuoi punteggi nel tempo
Non hai fatto questo quiz